Homo viator, homo scribens: cultura gráfica, información y gobierno en la expansión atlántica siglos XV-XVII

Gorde:
Xehetasun bibliografikoak
Egile nagusia: González Sánchez, Carlos Alberto (Egilea)
Formatua: Liburua
Hizkuntza:gaztelania
Argitaratua: Madrid Marcial Pons 2007
Edizioa:1a. ed
Saila:Historia
Gaiak:
Etiketak: Etiketa erantsi
Etiketarik gabe, Izan zaitez lehena erregistro honi etiketa jartzen!

MARC

LEADER 00000cam a2200000 a 4500
001 UCD5220
003 CL-VaPUC
008 160819e20070000sp |||||||||||||||||spa|d
020 |a 9788496467620 
082 0 4 |a 910.4  |b GON  |2 21 
100 |a González Sánchez, Carlos Alberto  |e author  |9 588949 
245 1 0 |a Homo viator, homo scribens: cultura gráfica, información y gobierno en la expansión atlántica siglos XV-XVII 
250 |a 1a. ed 
300 |a 277 p 
942 |c BK 
945 |d 20160819 12:52:00  |a dcastane 
260 |a Madrid  |b Marcial Pons  |c 2007 
650 0 |a Crónicas de viajes  |9 350185 
650 0 |a Descubrimientos y exploraciones  |9 266189 
650 7 |a HISTORIA DE AMERICA SIGLO 15  |2 CL-VaPUC  |9 446291 
583 |a last modification  |c 20160819 12:52:00  |k Rodrigo Vera 
490 0 |a Historia 
999 |c 365949  |d 365947 
952 |0 0  |1 0  |3 erb  |4 0  |6 910_400000000000000_GON_2007  |7 0  |8 A  |9 479927  |a BIBHIS  |b BIBHIS  |i 5337909  |l 2  |o 910.4 GON 2007  |p 5337909  |r 2025-01-20  |s 2023-03-21  |w 2019-11-24  |y BK  |z Catalogado en:20160819  |k HIS